000 00613nam a2200157 a 4500
008 120416s1972 ||||||||||||||||| || u
050 _aQD 101.2 Ken
100 _aKennedy, Sibilla E
245 1 0 _aChemical quantitative analysis: a new approach
260 _aNew York
_bHarper & Row
_c1972
300 _axxii, 359p. : ill.
350 _a0.00
650 _aCHEMISTRY, ANALYTIC--QUANTITATIVE
650 0 _aCHEMISTRY--HANDBOOKS, MANUALS, ETC
995 _D0.00
_FCBU-MAIN LIBRARY (Kitwe)
_H1
_I0.00
_M1
_UAVAILABLE
_WApr 27, 2007
_ZAnnex Low-Usage Collection
999 _c37164
_d37164